[Event "RSA-ch U08"]
[Site "Gauteng"]
[Date "2017.04.09"]
[Round "8"]
[White "Ally, Azra"]
[Black "Voigt, Daniel"]
[Result "1-0"]
[WhiteElo "696"]
[BlackElo "735"]
[PlyCount "52"]
[EventDate "2017.04.05"]
[EventType "swiss"]
[EventRounds "11"]
[EventCountry "RSA"]
[SourceTitle "CBM 177 Extra"]
[Source "ChessBase"]
[SourceDate "2017.04.27"]
[SourceVersion "1"]
[SourceVersionDate "2017.04.27"]
[SourceQuality "1"]

1. e4 e5 2. Nf3 Nc6 3. Nc3 Nf6 4. Bc4 Bc5 5. 0-0 0-0 6. h3 Re8 7. Re1 d6 8. d3 h6 9. Nd5 Na5 10. Nxf6+ Qxf6 11. Bd5 c6 12. Bb3 Nxb3 13. axb3 Bb4 14. c3 Bc5 15. d4 exd4 16. cxd4 Bb4 17. e5 Qg6 18. Bd2 Bxd2 19. Qxd2 Rd8 20. exd6 Rxd6 21. Ne5 Qf6 22. Qc3 Be6 23. Qf3 Qxf3 24. Nxf3 Bxb3 25. Ra5 Bd5 26. Rd1 Rg6 1-0